[Event "Sabaneta op-B 1st"]
[Site "Sabaneta"]
[Date "2022.11.29"]
[Round "7"]
[White "Jimenez Jaramillo, Jhoyner"]
[Black "Ospina Betancur, Santiago"]
[Result "1-0"]
[WhiteElo "1600"]
[BlackElo "1760"]
[PlyCount "95"]
[EventDate "2022.11.25"]
[EventType "swiss"]
[EventRounds "8"]
[EventCountry "COL"]
[SourceTitle "CBM 211 Extra"]
[Source "ChessBase"]
[SourceDate "2023.01.31"]
[SourceVersion "1"]
[SourceVersionDate "2023.01.31"]
[SourceQuality "1"]

1. c4 f5 2. Nc3 Nf6 3. g3 g6 4. Bg2 Bg7 5. d3 0-0 6. e4 d6 7. Nge2 c6 8. 0-0 e5 9. h3 Na6 10. Be3 Nc7 11. Qd2 Qe7 12. exf5 gxf5 13. d4 Bd7 14. Rad1 Qf7 15. c5 exd4 16. Nxd4 dxc5 17. Nf3 Rfd8 18. Bxc5 Be6 19. Qxd8+ Rxd8 20. Rxd8+ Nfe8 21. Re1 Bf6 22. Rd2 b6 23. Bd4 c5 24. Bxf6 Qxf6 25. Ne5 Kg7 26. a3 Qh6 27. Re3 Nf6 28. Rd6 f4 29. gxf4 Qxf4 30. Ne2 Qa4 31. Rg3+ Kf8 32. Rd8+ Ke7 33. Nc6+ Kf7 34. Rdd3 Bd5 35. Ne5+ Ke6 36. Nc3 Qa6 37. Rge3 Bxg2 38. Nc4+ Kf7 39. Nd6+ Kf8 40. Kxg2 b5 41. Rf3 Kg7 42. Nf5+ Kg6 43. Rd6 Qa5 44. Nh4+ Kf7 45. Rdxf6+ Ke8 46. Rf8+ Kd7 47. R3f7+ Kc6 48. Rc8 1-0

[Event "Sabaneta op-B 1st"]
[Site "Sabaneta"]
[Date "2022.11.29"]
[Round "6"]
[White "Ospina Betancur, Santiago"]
[Black "Velandia, Wilson"]
[Result "1-0"]
[WhiteElo "1760"]
[BlackElo "1652"]
[PlyCount "81"]
[EventDate "2022.11.25"]
[EventType "swiss"]
[EventRounds "8"]
[EventCountry "COL"]
[SourceTitle "CBM 211 Extra"]
[Source "ChessBase"]
[SourceDate "2023.01.31"]
[SourceVersion "1"]
[SourceVersionDate "2023.01.31"]
[SourceQuality "1"]

1. e4 e5 2. Nf3 Nc6 3. Bc4 Bc5 4. c3 Nf6 5. d3 d6 6. b4 Bb6 7. 0-0 0-0 8. a4 a6 9. Bg5 h6 10. Bh4 g5 11. Bg3 Nh5 12. Nxe5 Nxg3 13. Nxc6 bxc6 14. hxg3 d5 15. Bb3 Qd6 16. exd5 Qxg3 17. d4 Qh4 18. Nd2 g4 19. dxc6 Kg7 20. Qe2 a5 21. b5 Be6 22. Bxe6 fxe6 23. Qe5+ Kh7 24. Rae1 Rf7 25. f3 h5 26. fxg4 Rxf1+ 27. Rxf1 Qxg4 28. Ne4 Qg6 29. Ng5+ Kg8 30. Qxe6+ Qxe6 31. Nxe6 Re8 32. Rf6 Re7 33. Kf2 Rf7 34. Rxf7 Kxf7 35. Nf4 h4 36. Ke3 Ba7 37. Ke4 Bb8 38. c4 Kf6 39. c5 Ba7 40. b6 Bb8 41. bxc7 1-0

[Event "Medellin Raza Cup"]
[Site "Medellin"]
[Date "2022.10.22"]
[Round "8"]
[White "Ospina Betancur, Santiago"]
[Black "Diaz Gonzalez, Ana Sofia"]
[Result "1-0"]
[WhiteElo "1716"]
[BlackElo "1356"]
[PlyCount "77"]
[EventDate "2022.10.19"]
[EventType "swiss"]
[EventRounds "10"]
[EventCountry "COL"]
[SourceTitle "EXT 2024"]
[Source "ChessBase"]
[SourceDate "2023.10.10"]
[SourceVersion "1"]
[SourceVersionDate "2023.10.10"]
[SourceQuality "1"]

1. e4 e5 2. Nf3 Nc6 3. Bc4 Bc5 4. c3 Nf6 5. d3 d6 6. b4 Bb6 7. 0-0 0-0 8. a4 a5 9. b5 Ne7 10. Ba3 h6 11. Nbd2 Ng6 12. d4 exd4 13. cxd4 Re8 14. Qc2 d5 15. exd5 Nxd5 16. Rfe1 Be6 17. Nb3 Nb4 18. Bxb4 Bxc4 19. Qxc4 axb4 20. Rxe8+ Qxe8 21. a5 Ba7 22. Qxb4 Rd8 23. Re1 Qd7 24. h3 Bb8 25. Nc5 Qd5 26. Qb3 Qf5 27. Nxb7 Rc8 28. Ne5 Nxe5 29. Rxe5 Qf4 30. Qe3 Qxe3 31. fxe3 Kf8 32. Rc5 Re8 33. Kf2 f6 34. a6 Re7 35. Nd8 Ba7 36. Rxc7 Rxc7 37. Ne6+ Ke7 38. Nxc7 Kd7 39. Nd5 1-0

[Event "Medellin Raza Cup"]
[Site "Medellin"]
[Date "2022.10.21"]
[Round "6"]
[White "Ospina Betancur, Santiago"]
[Black "Caicedo Anguila, Juliana Andrea"]
[Result "1-0"]
[WhiteElo "1716"]
[BlackElo "1698"]
[PlyCount "125"]
[EventDate "2022.10.19"]
[EventType "swiss"]
[EventRounds "10"]
[EventCountry "COL"]
[SourceTitle "EXT 2024"]
[Source "ChessBase"]
[SourceDate "2023.10.10"]
[SourceVersion "1"]
[SourceVersionDate "2023.10.10"]
[SourceQuality "1"]

1. e4 e6 2. d4 d5 3. exd5 exd5 4. Nf3 Bd6 5. c4 Nf6 6. Nc3 0-0 7. c5 Be7 8. Be2 b6 9. Be3 a5 10. a3 bxc5 11. dxc5 Ba6 12. 0-0 Bxe2 13. Nxe2 Na6 14. Rc1 c6 15. Ne5 Rc8 16. f3 Re8 17. Nd3 Nd7 18. Bd4 Qc7 19. b4 Rb8 20. Qd2 axb4 21. axb4 Qd8 22. Ra1 Nc7 23. Nc3 Ne6 24. Bf2 Bf6 25. Ra6 Nd4 26. Bxd4 Bxd4+ 27. Kh1 Re6 28. Nf4 Bxc3 29. Qxc3 Rh6 30. g3 Qc8 31. Ra2 Qb7 32. Re1 Nf8 33. Nd3 Ne6 34. Rae2 Rf8 35. f4 Qc7 36. Ne5 d4 37. Qb3 Nd8 38. Qc4 Qa7 39. Qxd4 Qa3 40. Re3 Qa2 41. Ng4 Re6 42. f5 Rxe3 43. Qxe3 f6 44. Qe4 Qd2 45. Re2 Qc3 46. Nf2 Nf7 47. Re3 Qd2 48. Kg2 Ng5 49. Qc4+ Kh8 50. Rd3 Qe2 51. h4 Nh3 52. Kxh3 Qxf2 53. Qf4 Qe1 54. b5 cxb5 55. Rd6 Re8 56. c6 b4 57. c7 Qh1+ 58. Kg4 Qa8 59. Qd2 Qe4+ 60. Qf4 Qa8 61. Qf3 Re4+ 62. Kh3 Rxh4+ 63. Kxh4 1-0

[Event "Medellin Feria de las Flores op"]
[Site "Medellin"]
[Date "2022.08.07"]
[Round "9"]
[White "Ospina Betancur, Santiago"]
[Black "Iral Castro, Brahiam"]
[Result "0-1"]
[WhiteElo "1667"]
[BlackElo "1859"]
[PlyCount "35"]
[EventDate "2022.08.03"]
[EventType "swiss"]
[EventRounds "9"]
[EventCountry "COL"]
[SourceTitle "CBM 209 Extra"]
[Source "ChessBase"]
[SourceDate "2022.09.30"]
[SourceVersion "1"]
[SourceVersionDate "2022.09.30"]
[SourceQuality "1"]

1. e4 e6 2. d4 d5 3. exd5 exd5 4. Bd3 Bd6 5. Nf3 Nf6 6. 0-0 0-0 7. Bg5 Bg4 8. Re1 Nbd7 9. Nbd2 c6 10. h3 Bh5 11. c3 Qc7 12. Qc2 Rfe8 13. b3 Bg6 14. c4 a5 15. Nh4 Bf4 16. Bxf4 Qxf4 17. Bxg6 hxg6 18. Nhf3 0-1

[Event "COL Subzt 2.3.4"]
[Site "Risarald"]
[Date "2021.11.27"]
[Round "8"]
[White "Moreno Vega, Jose Miguel"]
[Black "Ospina Betancur, Santiago"]
[Result "0-1"]
[WhiteElo "1925"]
[BlackElo "1426"]
[PlyCount "44"]
[EventDate "2021.11.23"]
[EventType "swiss"]
[EventRounds "9"]
[EventCountry "COL"]
[SourceTitle "CBM 205 Extra"]
[Source "ChessBase"]
[SourceDate "2022.01.31"]
[SourceVersion "1"]
[SourceVersionDate "2022.01.31"]
[SourceQuality "1"]

1. d4 f5 2. c4 Nf6 3. Nc3 g6 4. f3 Bg7 5. e4 d6 6. d5 e5 7. Bd3 f4 8. Nge2 Bd7 9. Bd2 Na6 10. a3 Nc5 11. Bc2 a5 12. b4 axb4 13. axb4 Rxa1 14. Qxa1 Na6 15. Nb5 Nh5 16. Bd3 Qh4+ 17. Kd1 0-0 18. Be1 Qg5 19. Rg1 Qe7 20. Qa5 g5 21. Nxc7 Nxc7 22. Qxc7 Ba4+ 0-1

[Event "COL Subzt 2.3.4"]
[Site "Risarald"]
[Date "2021.11.24"]
[Round "2"]
[White "Munoz, Edgar Alex"]
[Black "Ospina Betancur, Santiago"]
[Result "1-0"]
[WhiteElo "1730"]
[BlackElo "1426"]
[PlyCount "61"]
[EventDate "2021.11.23"]
[EventType "swiss"]
[EventRounds "9"]
[EventCountry "COL"]
[SourceTitle "CBM 205 Extra"]
[Source "ChessBase"]
[SourceDate "2022.01.31"]
[SourceVersion "1"]
[SourceVersionDate "2022.01.31"]
[SourceQuality "1"]

1. Nf3 c5 2. b3 Nc6 3. Bb2 Nf6 4. c4 d6 5. g3 g6 6. Bg2 Bg7 7. 0-0 0-0 8. h3 e5 9. d3 Ne8 10. e3 f5 11. Nbd2 Nc7 12. a3 Qe7 13. Qc2 Bd7 14. Rae1 Rab8 15. Nh2 Qg5 16. Bc3 b5 17. Ba1 f4 18. Ne4 Qh6 19. Nxd6 Bxh3 20. cxb5 Bxg2 21. Kxg2 Nd8 22. exf4 exf4 23. Qc4+ Kh8 24. Ng4 f3+ 25. Kg1 Qg5 26. Bxg7+ Kxg7 27. Re5 Qd2 28. Re7+ Kh8 29. Rxc7 h5 30. Qxc5 Qb2 31. d4 1-0

[Event "COL-ch sf"]
[Site "Santa Rosa"]
[Date "2021.08.16"]
[Round "11"]
[White "Ospina Betancur, Santiago"]
[Black "Lopez Ramirez, Jorge Hernan"]
[Result "0-1"]
[WhiteElo "1280"]
[BlackElo "1924"]
[PlyCount "68"]
[EventDate "2021.08.11"]
[EventType "swiss"]
[EventRounds "11"]
[EventCountry "COL"]
[SourceTitle "CBM 204 Extra"]
[Source "ChessBase"]
[SourceDate "2021.11.30"]
[SourceVersion "1"]
[SourceVersionDate "2021.11.30"]
[SourceQuality "1"]

1. e4 c5 2. Nc3 Nc6 3. Bb5 Nd4 4. Nf3 a6 5. Be2 e6 6. d3 Ne7 7. Nb1 d5 8. c3 Ndc6 9. 0-0 g6 10. Na3 Bg7 11. Nc2 0-0 12. Bf4 h6 13. Qc1 g5 14. Bd2 Ng6 15. h3 f5 16. exd5 Qxd5 17. Rd1 e5 18. Na3 Kh8 19. c4 Qf7 20. Be3 b6 21. Nh2 f4 22. Bd2 Nd4 23. Re1 Nh4 24. f3 Bf5 25. Qd1 Rad8 26. Bf1 h5 27. b4 Rd6 28. bxc5 bxc5 29. Ba5 Qd7 30. Bc3 Nc6 31. Qc2 Bxd3 32. Bxd3 Rxd3 33. Red1 Rd8 34. Re1 Rxc3 0-1

[Event "COL-ch sf"]
[Site "Santa Rosa"]
[Date "2021.08.15"]
[Round "9"]
[White "Jaramillo, Carlos Orlando"]
[Black "Ospina Betancur, Santiago"]
[Result "1-0"]
[WhiteElo "1925"]
[BlackElo "1280"]
[PlyCount "59"]
[EventDate "2021.08.11"]
[EventType "swiss"]
[EventRounds "11"]
[EventCountry "COL"]
[SourceTitle "CBM 204 Extra"]
[Source "ChessBase"]
[SourceDate "2021.11.30"]
[SourceVersion "1"]
[SourceVersionDate "2021.11.30"]
[SourceQuality "1"]

1. e4 c5 2. Nf3 Nc6 3. d4 cxd4 4. Nxd4 e5 5. Nb5 d6 6. c4 f5 7. N1c3 a6 8. Na3 Nf6 9. Bd3 f4 10. 0-0 Be7 11. Nd5 0-0 12. f3 g5 13. Bd2 Be6 14. Nc2 Rc8 15. Be1 Kg7 16. Be2 h5 17. b4 Rh8 18. a4 Bxd5 19. cxd5 Nb8 20. Rc1 Qd7 21. b5 g4 22. Nb4 a5 23. Nd3 Bd8 24. Bc3 Bb6+ 25. Kh1 Qe7 26. Qb3 Nfd7 27. Qb2 g3 28. h3 Rcg8 29. Bd2 Bd4 30. Qb3 1-0

[Event "COL-ch sf"]
[Site "Santa Rosa"]
[Date "2021.08.11"]
[Round "1"]
[White "Chavez Duero, Brayan Steven"]
[Black "Ospina Betancur, Santiago"]
[Result "1-0"]
[WhiteElo "2026"]
[BlackElo "1280"]
[PlyCount "91"]
[EventDate "2021.08.11"]
[EventType "swiss"]
[EventRounds "11"]
[EventCountry "COL"]
[SourceTitle "CBM 204 Extra"]
[Source "ChessBase"]
[SourceDate "2021.11.30"]
[SourceVersion "1"]
[SourceVersionDate "2021.11.30"]
[SourceQuality "1"]

1. e4 c5 2. Nf3 Nc6 3. d4 cxd4 4. Nxd4 e5 5. Nb5 d6 6. N1c3 a6 7. Na3 b5 8. Nd5 Nce7 9. c4 Nxd5 10. Qxd5 Be6 11. Qb7 Nf6 12. cxb5 d5 13. bxa6 Bxa3 14. Bb5+ Nd7 15. bxa3 dxe4 16. 0-0 0-0 17. Qxe4 Qa5 18. Qb4 Qc7 19. Be3 Nb6 20. Rfc1 Qb8 21. Bc6 Rxa6 22. Rab1 Nd7 23. Bb7 Rd6 24. Ba7 Qxa7 25. Qxd6 Nf6 26. Qc5 Qa4 27. Qb4 Qa7 28. a4 Rb8 29. a5 h6 30. a6 Nd7 31. Rc8+ Kh7 32. Rxb8 Nxb8 33. Be4+ f5 34. Qxb8 Qxa6 35. Qxe5 fxe4 36. Qxe4+ Kg8 37. Rb8+ Bc8 38. Qe8+ Kh7 39. Qxc8 Qf6 40. Qc2+ g6 41. Rb7+ Kg8 42. Qc8+ Qf8 43. Qe6+ Kh8 44. Qxg6 Qxf2+ 45. Kxf2 h5 46. Qg7# 1-0

[Event "Feria de las Flores 28th"]
[Site "Medellin"]
[Date "2021.08.07"]
[Round "7"]
[White "Gonzalez Mojica, Renan Arturo"]
[Black "Ospina Betancur, Santiago"]
[Result "1-0"]
[WhiteElo "1656"]
[BlackElo "1280"]
[PlyCount "64"]
[EventDate "2021.08.04"]
[EventType "swiss"]
[EventRounds "9"]
[EventCountry "COL"]
[SourceTitle "EXT 2022"]
[Source "ChessBase"]
[SourceDate "2021.10.06"]
[SourceVersion "1"]
[SourceVersionDate "2021.10.06"]
[SourceQuality "1"]

1. d4 f5 2. Nc3 Nf6 3. Bg5 d5 4. e3 e6 5. Nge2 Be7 6. Nf4 0-0 7. Be2 Nc6 8. h3 Ne4 9. Bxe7 Nxe7 10. Nxe4 fxe4 11. Bg4 Nf5 12. c4 c6 13. 0-0 Qf6 14. b4 Bd7 15. a4 g6 16. b5 Rac8 17. Rb1 g5 18. Nh5 Qe7 19. bxc6 Bxc6 20. c5 Rb8 21. a5 e5 22. a6 exd4 23. Bxf5 Rxf5 24. Qxd4 Qe5 25. Qxe5 Rxe5 26. Rb2 Kf7 27. Ra1 Re7 28. Ng3 Rc7 29. Nf5 Ke6 30. Nd4+ Kd7 31. Rab1 Ra8 32. axb7 Rb8 1-0

[Event "Antioquia op"]
[Site "Antioquia"]
[Date "2020.03.06"]
[Round "6"]
[White "Olier Robayo, Mishelle Dayana"]
[Black "Ospina Betancur, Santiago"]
[Result "0-1"]
[WhiteElo "1367"]
[BlackElo "1198"]
[PlyCount "176"]
[EventDate "2020.03.03"]
[EventType "swiss"]
[EventRounds "9"]
[EventCountry "COL"]
[SourceTitle "CBM 195 Extra"]
[Source "ChessBase"]
[SourceDate "2020.05.31"]
[SourceVersion "1"]
[SourceVersionDate "2020.05.31"]
[SourceQuality "1"]

1. c4 c6 2. Nf3 d5 3. e3 Nf6 4. Nc3 Bf5 5. d4 e6 6. Nh4 Bg6 7. Nxg6 hxg6 8. Bd3 Bd6 9. g3 Nbd7 10. c5 Be7 11. f4 Nh5 12. Qf3 f5 13. Ke2 Nhf6 14. Bd2 Ne4 15. Bxe4 dxe4 16. Qg2 Nf6 17. g4 Kf7 18. Rag1 Bf8 19. gxf5 gxf5 20. Qg6+ Ke7 21. h3 Qe8 22. Qg2 Qh5+ 23. Kf1 Nd5 24. Nxd5+ exd5 25. Ke1 Kf6 26. Bc3 Rh6 27. Qg5+ Kf7 28. Qxh5+ Rxh5 29. Kf1 Be7 30. Kg2 g5 31. fxg5 Bxg5 32. Bd2 Rg8 33. Kf1 Rgh8 34. Rg3 Kf6 35. b3 Rh4 36. Rhg1 R8h5 37. Kg2 f4 38. exf4 Bxf4 39. Rf1 Rf5 40. Rxf4 Rhxf4 41. Bxf4 Rxf4 42. Re3 Kf5 43. a3 Kf6 44. Rg3 a6 45. Re3 Kf5 46. b4 Kf6 47. Kg1 Kf5 48. Kg2 Rh4 49. Kg3 Rh8 50. Kf2 Ra8 51. a4 a5 52. b5 cxb5 53. axb5 a4 54. Ra3 Ke6 55. h4 Kd7 56. h5 Rh8 57. Rxa4 Rxh5 58. Ra7 Kc8 59. Ra8+ Kc7 60. b6+ Kc6 61. Rc8+ Kb5 62. Rc7 Ka6 63. Rd7 Rf5+ 64. Ke2 Rg5 65. Kf2 Rh5 66. Kg2 Rf5 67. Re7 Rf4 68. Re5 e3 69. Rxd5 e2 70. Re5 Rxd4 71. Rxe2 Rc4 72. Ra2+ Kb5 73. Rb2+ Kc6 74. Ra2 Rxc5 75. Rb2 Rb5 76. Rxb5 Kxb5 77. Kf1 Kxb6 78. Ke1 Kc5 79. Kd1 Kb4 80. Kc2 b6 81. Kb2 b5 82. Kc2 Ka3 83. Kb1 Kb3 84. Ka1 Kc2 85. Ka2 b4 86. Ka1 Kc3 87. Kb1 Kb3 88. Ka1 Kc2 0-1

[Event "Antioquia op"]
[Site "Antioquia"]
[Date "2020.03.06"]
[Round "5"]
[White "Ospina Betancur, Santiago"]
[Black "Perez Giraldo, Juan David"]
[Result "1-0"]
[WhiteElo "1198"]
[BlackElo "1466"]
[PlyCount "81"]
[EventDate "2020.03.03"]
[EventType "swiss"]
[EventRounds "9"]
[EventCountry "COL"]
[SourceTitle "CBM 195 Extra"]
[Source "ChessBase"]
[SourceDate "2020.05.31"]
[SourceVersion "1"]
[SourceVersionDate "2020.05.31"]
[SourceQuality "1"]

1. b4 e5 2. Bb2 d6 3. e3 Nf6 4. Nf3 g6 5. d3 Bg7 6. Nbd2 a6 7. Be2 0-0 8. Nb3 Nc6 9. a3 Re8 10. 0-0 Nd7 11. e4 b5 12. c4 Nb6 13. Qc2 Na4 14. cxb5 Nd4 15. Nbxd4 Nxb2 16. Nc6 Qd7 17. Qxb2 axb5 18. Rfc1 Bh6 19. Rc3 Bg7 20. Rac1 d5 21. exd5 e4 22. Nfd4 Qxd5 23. Rc5 Qd7 24. dxe4 Rxe4 25. Rd1 Bb7 26. Qd2 Rae8 27. f3 Re3 28. Bxb5 Qd6 29. Na5 Re1+ 30. Rxe1 Bxd4+ 31. Kf1 Rxe1+ 32. Kxe1 Bxc5 33. Qxd6 Bxd6 34. Nxb7 Bxh2 35. a4 Bg1 36. Nc5 Kf8 37. a5 Ke7 38. a6 Kd6 39. a7 Bxc5 40. bxc5+ Kxc5 41. a8Q 1-0

[Event "Medellin Aristizabal Cup"]
[Site "Medellin"]
[Date "2019.06.21"]
[Round "1"]
[White "Laverde, Luis Eduardo"]
[Black "Ospina Betancur, Santiago"]
[Result "1-0"]
[WhiteElo "2049"]
[BlackElo "1225"]
[PlyCount "41"]
[EventDate "2019.06.21"]
[EventType "swiss"]
[EventRounds "7"]
[EventCountry "COL"]
[SourceTitle "EXT 2020"]
[Source "ChessBase"]
[SourceDate "2019.10.17"]
[SourceVersion "1"]
[SourceVersionDate "2019.10.17"]
[SourceQuality "1"]

1. e4 d5 2. exd5 Qxd5 3. Nc3 Qd8 4. d4 Bf5 5. Nf3 Nf6 6. Bc4 e6 7. Qe2 Bb4 8. 0-0 c6 9. a3 Bd6 10. Ne5 Qc7 11. f4 Nbd7 12. Be3 Nb6 13. Bb3 0-0-0 14. a4 Nbd5 15. Bd2 Nxc3 16. bxc3 Ne4 17. Be1 f6 18. g4 fxe5 19. gxf5 exf5 20. Be6+ Kb8 21. Bxf5 1-0